000 00478nam a2200193Ia 4500
003 OSt
005 20230327100743.0
008 210210b1973 xxu||||| |||| 00| 0 eng d
040 _cAL
041 _aEnglish
082 _a530.41 TILI
100 _aTILLU (A D).
_978088
245 _aIntroductory course in solid state physics.
260 _aN D
_bOrient Londman Ltd
_c1973
300 _aix,120
690 _aSolid State Physics
_978089
906 _a039540
942 _2ddc
_cBK
999 _c89836
_d89836